| 000 | 00185nam a22000617a 4500 | ||
|---|---|---|---|
| 999 |
_c23615 _d23615 |
||
| 003 | Nust | ||
| 005 | 20170526162450.0 | ||
| 008 | 131219b xxu||||| |||| 00| 0 eng d | ||
| 040 |
_aDLC _bDLC _cRCMS |
||
| 082 | _a070 NAZ | ||
| 100 |
_aDr Ahsan Akhtar Naz _9121 |
||
| 245 |
_aTaraqi pasand tehreq o sahafat mokalmaat (Urdu) _cDr Ahsan Akhtar Naz |
||
| 260 |
_aLahore _bAl -Qumar Inter prizes _c2008 |
||
| 300 |
_a256,p: _bill: _c22,cm |
||
| 538 | _iShelf # 13, Row # 3, Fiction. | ||
| 650 |
_aJournalism _9144 |
||
| 856 | _3Table of Content Only | ||
| 942 |
_2ddc _cFIC |
||